000 00702nam a22002057a 4500
999 _c11193
_d11193
003 AR-CdUCM
008 190403b ||||| |||| 00| 0 spa d
040 _aMUNICIPALIDAD PROVINCIAL DEL CUSCO
_cBIBLIOTECA MUNICIPAL DEL CUSCO
082 _aES / 370.3 /
_bV45
100 _aVentura Vera, Jorge
_928425
245 _aRazonamiento Verbal 3 /
260 _aLima :
_bEscuela Nueva S. A.
300 _a96 páginas ;
_c24cm
505 _aContenido: Sinónimos -- Antónimos -- Analogías -- Oraciones incompletas -- Comprensión lectora -- Término excluido
650 _aLecturas
_96094
650 _aR. V.
_928398
650 _aEducación secundaria
_94648
942 _2ddc
_cLIBROS
945 _anom